00613 2200229 4500001002100000005001700021008004100038035002400079040001200103082000800115090001500123100002300138245006400161250001100225260003100236300002200267500003100289650002100320850001200341990001500353990001500368YOGYA-0209000001373020090227022342.0 ind  0010-020900000013730 aYOPDYOG a128 a128bSal F aSALAM, Burhanuddin aFilsafat ManusiabAntropologi MetafisikacBurhanuddin Salam aCet. 2 aJakartabBina Aksarac1988 axi, 93 hlmc21 cm aBibliografi : hlm. 189-193 aFilsafat Manusia aYOPDYOG a97P0093611 a97P0093611